Analýza podnikateľského prostredia Brazílie a Ruska bakalárska práca

Enregistré dans:
Détails bibliographiques
Auteur principal: Vadovičová, Michaela
Collectivité auteur: Obchodná fakulta EU. Katedra medzinárodného obchodu
Autres auteurs: Svobodová, Valéria
Format: Livre
Langue:slovaque
Publié: Bratislava 2013
Tags: Ajouter un tag
Pas de tags, Soyez le premier à ajouter un tag!

MARC

LEADER 00000nbm a2200000 4500
001 0171266
005 20161109112027.0
041 0 |a slo 
044 |a SK 
245 1 0 |a Analýza podnikateľského prostredia Brazílie a Ruska  |b bakalárska práca  |c Michaela Vadovičová ; školiteľ: Valéria Svobodová 
264 1 |a Bratislava  |c 2013 
300 |a 49 s. 
100 1 |a Vadovičová, Michaela 
700 1 |a Svobodová, Valéria 
710 2 |a Obchodná fakulta EU. Katedra medzinárodného obchodu